<?xml version="1.0" encoding="UTF-8"?><?xml-stylesheet type="text/xsl" href="static/style.xsl"?><OAI-PMH xmlns="http://www.openarchives.org/OAI/2.0/" xmlns:xsi="http://www.w3.org/2001/XMLSchema-instance" xsi:schemaLocation="http://www.openarchives.org/OAI/2.0/ http://www.openarchives.org/OAI/2.0/OAI-PMH.xsd"><responseDate>2026-04-17T13:11:14Z</responseDate><request verb="GetRecord" identifier="oai:www.recercat.cat:2072/391691" metadataPrefix="marc">https://recercat.cat/oai/request</request><GetRecord><record><header><identifier>oai:recercat.cat:2072/391691</identifier><datestamp>2026-03-22T22:28:02Z</datestamp><setSpec>com_2072_98</setSpec><setSpec>col_2072_378192</setSpec></header><metadata><record xmlns="http://www.loc.gov/MARC21/slim" xmlns:dcterms="http://purl.org/dc/terms/" xmlns:xsi="http://www.w3.org/2001/XMLSchema-instance" xmlns:doc="http://www.lyncode.com/xoai" xsi:schemaLocation="http://www.loc.gov/MARC21/slim http://www.loc.gov/standards/marcxml/schema/MARC21slim.xsd">
   <leader>00925njm 22002777a 4500</leader>
   <datafield ind2=" " ind1=" " tag="042">
      <subfield code="a">dc</subfield>
   </datafield>
   <datafield ind2=" " ind1=" " tag="720">
      <subfield code="a">Quintanilla Gatica, Mario</subfield>
      <subfield code="e">author</subfield>
   </datafield>
   <datafield ind2=" " ind1=" " tag="720">
      <subfield code="a">Joglar Faváro, C.</subfield>
      <subfield code="e">author</subfield>
   </datafield>
   <datafield ind2=" " ind1=" " tag="720">
      <subfield code="a">Jara, Roxana</subfield>
      <subfield code="e">author</subfield>
   </datafield>
   <datafield ind2=" " ind1=" " tag="720">
      <subfield code="a">Camacho González, Johanna</subfield>
      <subfield code="e">author</subfield>
   </datafield>
   <datafield ind2=" " ind1=" " tag="720">
      <subfield code="a">Ravanal Moreno, Eduardo</subfield>
      <subfield code="e">author</subfield>
   </datafield>
   <datafield ind2=" " ind1=" " tag="720">
      <subfield code="a">Labarrere Sarduy, Alberto Felix</subfield>
      <subfield code="e">author</subfield>
   </datafield>
   <datafield ind2=" " ind1=" " tag="720">
      <subfield code="a">Cuellar Fernández, Luigi</subfield>
      <subfield code="e">author</subfield>
   </datafield>
   <datafield ind2=" " ind1=" " tag="720">
      <subfield code="a">Izquierdo i Aymerich, Mercè</subfield>
      <subfield code="e">author</subfield>
   </datafield>
   <datafield ind2=" " ind1=" " tag="720">
      <subfield code="a">Chamizo Guerrero, José Antonio</subfield>
      <subfield code="e">author</subfield>
   </datafield>
   <datafield ind2=" " ind1=" " tag="260">
      <subfield code="c">2010</subfield>
   </datafield>
   <datafield ind2=" " ind1=" " tag="520">
      <subfield code="a">En el artículo se exponen los resultados de una investigación realizada en el marco del proyecto FONDECYT 1070795, cuyo objetivo consistió en identificar y caracterizar las nociones que tienen los profesores de nivel medio respecto a las competencias de pensamiento científico y solución de problemas, y la manera en que ambos deben trabajarse en la enseñanza de la química. Con el empleo de una muestra intencional de 33 profesores, seleccionados de un total de 117 que se incorporaron a otras fases de la investigación y mediante la administración de un cuestionario especialmente diseñado, se logró poner de manifiesto que en ellos predomina una imagen fragmentada y a veces contradictoria de la solución de problemas y de las competencias de pensamiento científico; dicha representación incorpora aspectos de inestimable valor para la formación del estudiante competente, a la vez que incluye otros que en manera alguna favorecen dicha formación en correspondencia con las exigencias actuales. Es notable que competencias de pensamiento científico y solución de problemas no se constituyan como sistema totalmente coherente en la conceptualización de los profesores investigados. Como dato relevante, se constató la oscilante valoración del carácter subjetivo de las situaciones problémicas y los problemas; junto al papel importante que, en opinión de gran parte de los profesores, desempeña el lenguaje, se le otorga un valor oscilante al trabajo con la teoría por parte de los estudiantes; igualmente resulta difusa, y a veces contradictoria, su aproximación a los procesos de algoritmización.</subfield>
   </datafield>
   <datafield ind2=" " ind1=" " tag="520">
      <subfield code="a">In the article the results of an investigation conducted within the framework of the project FONDECYT 1070795 are exposed. The aims of the research were to identify and characterize the representations and knowledge that teachers in service have, from an average level of education, with respect to the competences of scientific thought and problem solution, and the way in which both should be approached. With the use of an intentional sample of 133, teachers selected from a total of 117 who were incorporated to other phases of the research trough the administration of a questionnaire especially designed, was show the predominance of a very fragmented image, sometimes contradictory, about the solution of problems and about relation between competences of scientific thought; this representation incorporates aspects of great value for the formation of the competent students, and at the same time it includes other aspects that in no way favor this formation, according to the present assessments. It is remarkable that both competences for scientific thought and solution of problems are not constituted as a totality and coherent system in the thinking of the teachers who participated in the research. It should be pointed out that we found data that show an oscillating valuation of the subjective character of the problematic situations and the problem itself; these data show, as well, that teachers give a very important role to language. It is stated that teachers give an oscillating value to the fact that students must deal with theories. It should be noted too that their approaches to the algorithmic processes are very vague, and sometimes contradictory.</subfield>
   </datafield>
   <datafield tag="653" ind2=" " ind1=" ">
      <subfield code="a">Competències de pensament científic</subfield>
   </datafield>
   <datafield tag="653" ind2=" " ind1=" ">
      <subfield code="a">Resolució de problemes</subfield>
   </datafield>
   <datafield tag="653" ind2=" " ind1=" ">
      <subfield code="a">Formació docent</subfield>
   </datafield>
   <datafield tag="653" ind2=" " ind1=" ">
      <subfield code="a">Competencias de pensamiento científico</subfield>
   </datafield>
   <datafield tag="653" ind2=" " ind1=" ">
      <subfield code="a">Resolución de problemas</subfield>
   </datafield>
   <datafield tag="653" ind2=" " ind1=" ">
      <subfield code="a">Formación docente</subfield>
   </datafield>
   <datafield tag="653" ind2=" " ind1=" ">
      <subfield code="a">Thinkings skills</subfield>
   </datafield>
   <datafield tag="653" ind2=" " ind1=" ">
      <subfield code="a">Scientific problem solving</subfield>
   </datafield>
   <datafield tag="653" ind2=" " ind1=" ">
      <subfield code="a">Science teaching</subfield>
   </datafield>
   <datafield ind2="0" ind1="0" tag="245">
      <subfield code="a">Resolución de problemas científicos escolares y promoción de competencias de pensamiento científico. ¿Qué piensan los docentes de química en ejercicio?</subfield>
   </datafield>
</record></metadata></record></GetRecord></OAI-PMH>